=LDR 00000nam 2200000 4500 =001 001147 =005 20250710103114 =035 ##$$a 0010-0725000004 =007 ta =008 250710################a##########0#ind## =020 ##$$a 978-623-472-455-4 =082 ##$$a 398.209 598 =084 ##$$a 398.209 598 FRY r =100 #$$a Fry, Michele =245 1#$$a Rumah Untuk Tikus : $b tidak ada anak judul /$c Michele Fry =250 ##$$a pertama =260 ##$$a jakarta timur :$b Pratham Books,$c 2022 =300 ##$$a 24 hlm : $b ilus. ; $c 22,9cm =650 #4$$a 1. CERITA ANAK INDONESIA- TERJEMAHAN 2. LITERASI-BAHAN BACAAN =700 #$$a Amy Uzzell =856 ##$$a TBM AS-SYUHADA